[Event "Olympiad-44"]
[Site "Chennai"]
[Date "2022.08.03"]
[Round "6.4"]
[White "Kobayashi, Atsuhiko"]
[Black "Roselli Mailhe, Bernardo"]
[Result "1/2-1/2"]
[WhiteElo "2156"]
[BlackElo "2413"]
[PlyCount "99"]
[EventDate "2022.07.29"]
[EventType "team-swiss"]
[EventRounds "11"]
[EventCountry "IND"]
[SourceTitle "CBM 210"]
[Source "ChessBase"]
[SourceDate "2022.10.31"]
[SourceVersion "1"]
[SourceVersionDate "2022.10.31"]
[SourceQuality "1"]
[WhiteTeam "Japan"]
[BlackTeam "Uruguay"]
[WhiteTeamCountry "JPN"]
[BlackTeamCountry "URU"]

1. Nf3 Nf6 2. g3 g6 3. b3 Bg7 4. Bb2 d6 5. d4 0-0 6. Bg2 a5 7. 0-0 a4 8. c4 Nc6 9. Nc3 a3 10. Bc1 Bg4 11. Ne1 Qd7 12. Nc2 Bh3 13. Bxa3 Bxg2 14. Kxg2 d5 15. Qd3 dxc4 16. Qxc4 Nxd4 17. Nxd4 Rxa3 18. Rad1 Ra6 19. e4 e5 20. Nf5 Qe6 21. Qxe6 Rxe6 22. Nxg7 Kxg7 23. f3 Ra8 24. Rf2 Rea6 25. Rc2 c6 26. Rdd2 Kf8 27. Na4 Ke7 28. Nc5 R6a7 29. g4 h6 30. h4 Rd8 31. g5 hxg5 32. hxg5 Nd7 33. Nxd7 Rxd7 34. Rxd7+ Kxd7 35. Rd2+ Ke6 36. Kg3 Ra8 37. f4 exf4+ 38. Kxf4 Rh8 39. Kg4 Rh1 40. Rd4 Rb1 41. Rd8 Rb2 42. Re8+ Kd7 43. Rf8 Ke7 44. Rb8 b5 45. Rb7+ Ke6 46. Rc7 Rc2 47. a4 bxa4 48. bxa4 Rc4 49. Kf4 Rxa4 50. Rxc6+ 1/2-1/2

[Event "Tokyo op"]
[Site "Tokyo"]
[Date "2022.07.16"]
[Round "3"]
[White "Kobayashi, Atsuhiko"]
[Black "Tran, Thanh Tu"]
[Result "0-1"]
[WhiteElo "2156"]
[BlackElo "2375"]
[PlyCount "70"]
[EventDate "2022.07.15"]
[EventType "swiss"]
[EventRounds "7"]
[EventCountry "JPN"]
[SourceTitle "EXT 2023"]
[Source "ChessBase"]
[SourceDate "2022.10.05"]
[SourceVersion "1"]
[SourceVersionDate "2022.10.05"]
[SourceQuality "1"]

1. Nf3 d5 2. e3 c6 3. c4 e6 4. b3 Be7 5. Bb2 Bf6 6. d4 Nd7 7. Qc2 Ne7 8. Bd3 c5 9. 0-0 cxd4 10. exd4 g6 11. Nc3 0-0 12. Rfe1 Qa5 13. a3 dxc4 14. bxc4 Bg7 15. Ne4 Nf5 16. Bc3 Qc7 17. Qb3 Rd8 18. Rac1 b6 19. d5 e5 20. Qb2 Ba6 21. Bb4 Nc5 22. Bb1 Rab8 23. Qc3 Nxe4 24. Bxe4 Nd6 25. Nd2 Rbc8 26. c5 Nxe4 27. Nxe4 Rxd5 28. Nd6 Rf8 29. Qb3 Rd4 30. Qa4 Bd3 31. cxb6 Qxb6 32. Nc8 Qe6 33. Ne7+ Qxe7 34. Bxe7 Rxa4 35. Bxf8 Kxf8 0-1

[Event "Tokyo Qual for Asian Games"]
[Site "Tokyo"]
[Date "2022.03.26"]
[Round "3"]
[White "Kobayashi, Atsuhiko"]
[Black "Yamada, Kohei"]
[Result "0-1"]
[WhiteElo "2320"]
[BlackElo "2280"]
[PlyCount "58"]
[EventDate "2022.03.26"]
[EventType "tourn"]
[EventRounds "10"]
[EventCountry "JPN"]
[EventCategory "2"]
[SourceTitle "CBM 207 Extra"]
[Source "ChessBase"]
[SourceDate "2022.05.31"]
[SourceVersion "1"]
[SourceVersionDate "2022.05.31"]
[SourceQuality "1"]

1. Nf3 Nf6 2. c4 e6 3. d4 d5 4. Nc3 dxc4 5. e4 b5 6. Bg5 Bb4 7. a4 h6 8. Bxf6 Qxf6 9. axb5 Qg6 10. Nd2 0-0 11. Qf3 Bb7 12. Bxc4 Rd8 13. Ra4 c5 14. d5 Bxc3 15. bxc3 exd5 16. Bxd5 Bxd5 17. exd5 Qc2 18. Re4 Nd7 19. c4 Re8 20. Re3 Ne5 21. Qd1 Nd3+ 22. Ke2 Nf4+ 23. Kf3 Qf5 24. g4 Qf6 25. Qa1 Qh4 26. Qe1 Rxe3+ 27. Qxe3 g5 28. Ne4 Qh3+ 29. Ng3 Qg2# 0-1

[Event "Online Olym Div3 A"]
[Site "Chess.com INT"]
[Date "2021.08.28"]
[Round "4.1"]
[White "Kobayashi, Atsuhiko"]
[Black "Jaiswal, Rupesh"]
[Result "0-1"]
[WhiteElo "2141"]
[BlackElo "2102"]
[PlyCount "50"]
[EventDate "2021.08.27"]
[EventType "team-tourn (rapid)"]
[EventRounds "9"]
[EventCountry "USA"]
[SourceTitle "CBM 204 Extra"]
[Source "ChessBase"]
[SourceDate "2021.11.30"]
[SourceVersion "1"]
[SourceVersionDate "2021.11.30"]
[SourceQuality "1"]
[WhiteTeam "Japan"]
[BlackTeam "Nepal"]
[WhiteTeamCountry "JPN"]
[BlackTeamCountry "NEP"]

1. Nf3 Nf6 2. c4 g6 3. Nc3 Bg7 4. e4 d6 5. d4 0-0 6. h3 a6 7. Bg5 c5 8. d5 b5 9. cxb5 axb5 10. Bxb5 Nxe4 11. Nxe4 Qa5+ 12. Nc3 Bxc3+ 13. bxc3 Qxb5 14. Nd2 Qd3 15. Qf3 Ba6 16. Qxd3 Bxd3 17. h4 Nd7 18. Rh3 c4 19. Bxe7 Rfe8 20. Re3 Nb6 21. Bxd6 Nxd5 22. Rxe8+ Rxe8+ 23. Kd1 Nxc3+ 24. Kc1 Re1+ 25. Kb2 Na4+ 0-1

[Event "Online Olym Div3 A"]
[Site "Chess.com INT"]
[Date "2021.08.27"]
[Round "2.2"]
[White "Alahakoon, Isuru"]
[Black "Kobayashi, Atsuhiko"]
[Result "1/2-1/2"]
[WhiteElo "2022"]
[BlackElo "2141"]
[PlyCount "68"]
[EventDate "2021.08.27"]
[EventType "team-tourn (rapid)"]
[EventRounds "9"]
[EventCountry "USA"]
[SourceTitle "CBM 204 Extra"]
[Source "ChessBase"]
[SourceDate "2021.11.30"]
[SourceVersion "1"]
[SourceVersionDate "2021.11.30"]
[SourceQuality "1"]
[WhiteTeam "Sri Lanka"]
[BlackTeam "Japan"]
[WhiteTeamCountry "SRI"]
[BlackTeamCountry "JPN"]

1. Nf3 g6 2. d4 Bg7 3. c4 d6 4. Nc3 e5 5. dxe5 dxe5 6. Qxd8+ Kxd8 7. Bg5+ f6 8. 0-0-0+ Nd7 9. Bh4 Ne7 10. e4 c6 11. Kb1 Kc7 12. Bg3 a5 13. h4 h5 14. Nd2 Bh6 15. f3 Nc5 16. Bf2 Ne6 17. c5 Rd8 18. Nc4 Rxd1+ 19. Nxd1 Bd7 20. Nc3 Nc8 21. Na4 Nd4 22. Be1 Kd8 23. Nxa5 Ke7 24. b3 Ra7 25. Bb4 Kf7 26. Bc4+ Be6 27. Bxe6+ Kxe6 28. Nb6 Nxb6 29. cxb6 Ra6 30. Nxb7 Rxb6 31. Nc5+ Kd6 32. Ba3 Nb5 33. Bb4 Nd4 34. Ba3 Nb5 1/2-1/2

[Event "JPN-ch 52nd"]
[Site "Tokyo"]
[Date "2019.04.30"]
[Round "4"]
[White "Kobayashi, Atsuhiko"]
[Black "Kojima, Shinya"]
[Result "0-1"]
[WhiteElo "2080"]
[BlackElo "2395"]
[PlyCount "38"]
[EventDate "2019.04.29"]
[EventType "swiss"]
[EventRounds "10"]
[EventCountry "JPN"]
[SourceTitle "CBM 190 Extra"]
[Source "ChessBase"]
[SourceDate "2019.07.15"]
[SourceVersion "1"]
[SourceVersionDate "2019.07.15"]
[SourceQuality "1"]

1. Nf3 d5 2. g3 g6 3. c4 dxc4 4. Na3 Bg7 5. Nxc4 Nc6 6. Bg2 e5 7. d3 e4 8. dxe4 Qxd1+ 9. Kxd1 Nf6 10. Nfd2 Be6 11. Rb1 0-0-0 12. b3 Rd7 13. Bb2 Rhd8 14. Ke1 Nb4 15. e5 Ng4 16. h3 Bxc4 17. Bxb7+ Kxb7 18. bxc4 Rxd2 19. hxg4 Rd1+ 0-1

[Event "JPN-ch"]
[Site "Tokyo"]
[Date "2018.05.02"]
[Round "7"]
[White "Tran, Thanh Tu"]
[Black "Kobayashi, Atsuhiko"]
[Result "1-0"]
[WhiteElo "2319"]
[BlackElo "2061"]
[PlyCount "79"]
[EventDate "2018.04.29"]
[EventType "swiss"]
[EventRounds "11"]
[EventCountry "JPN"]
[SourceTitle "CBM 184 Extra"]
[Source "ChessBase"]
[SourceDate "2018.06.28"]
[SourceVersion "1"]
[SourceVersionDate "2018.06.28"]
[SourceQuality "1"]

1. f4 g6 2. Nf3 Bg7 3. d3 d6 4. e4 e5 5. Nc3 Ne7 6. fxe5 dxe5 7. Be3 Nbc6 8. Qd2 h6 9. Na4 b6 10. c3 f5 11. Qc1 Qd7 12. Qc2 Qe6 13. b3 Bb7 14. Be2 0-0-0 15. Nb2 Kb8 16. a4 g5 17. 0-0-0 Rd7 18. Nd2 Qg6 19. h3 h5 20. g4 fxg4 21. hxg4 h4 22. Nf3 Bf6 23. Nc4 Qg7 24. b4 Nd8 25. a5 Ne6 26. Rd2 Ng6 27. axb6 cxb6 28. Qa4 Nef4 29. Bf1 Rc8 30. Ra2 Bc6 31. b5 Ba8 32. Bxb6 Nxd3+ 33. Bxd3 Nf4 34. Bc2 Qf7 35. Nfd2 Ne2+ 36. Kb2 Bd8 37. Nxe5 Nxc3 38. Nxd7+ Qxd7 39. Bxa7+ Kc7 40. b6+ 1-0

[Event "JPN-ch"]
[Site "Tokyo"]
[Date "2018.04.29"]
[Round "2"]
[White "Kobayashi, Atsuhiko"]
[Black "Kojima, Shinya"]
[Result "0-1"]
[WhiteElo "2061"]
[BlackElo "2400"]
[PlyCount "58"]
[EventDate "2018.04.29"]
[EventType "swiss"]
[EventRounds "11"]
[EventCountry "JPN"]
[SourceTitle "CBM 184 Extra"]
[Source "ChessBase"]
[SourceDate "2018.06.28"]
[SourceVersion "1"]
[SourceVersionDate "2018.06.28"]
[SourceQuality "1"]

1. Nf3 d5 2. g3 c6 3. Bg2 Bg4 4. c4 e6 5. cxd5 Bxf3 6. Bxf3 cxd5 7. 0-0 Nf6 8. d3 Nc6 9. Nc3 Be7 10. Qa4 0-0 11. Bf4 Qd7 12. Rfc1 Rac8 13. Bg2 h6 14. Qd1 Rfd8 15. Na4 b6 16. Nc3 d4 17. Nb1 Nd5 18. Bd2 Rc7 19. Be1 Rdc8 20. Qa4 Ne5 21. Qxd7 Rxc1 22. Qxc8+ Rxc8 23. Nd2 Rc2 24. Rb1 Bb4 25. Nc4 Bxe1 26. Nxe5 Rxe2 27. Bxd5 Bxf2+ 28. Kf1 Rxe5 29. Bxe6 Bxg3 0-1

[Event "World University-ch 13th"]
[Site "Katowice"]
[Date "2014.08.23"]
[Round "8"]
[White "Kobayashi, Atsuhiko"]
[Black "Bornheim, Darren"]
[Result "1-0"]
[WhiteElo "2089"]
[BlackElo "1792"]
[PlyCount "111"]
[EventDate "2014.08.18"]
[EventType "swiss"]
[EventRounds "9"]
[EventCountry "POL"]
[SourceTitle "CBM 161 Extra"]
[Source "ChessBase"]
[SourceDate "2014.08.29"]
[SourceVersion "1"]
[SourceVersionDate "2014.08.29"]
[SourceQuality "1"]

1. d4 e6 2. c4 Nf6 3. Nf3 b6 4. g3 Bb7 5. Bg2 d5 6. cxd5 Nxd5 7. 0-0 Be7 8. Ne5 0-0 9. e4 Nf6 10. Nc3 Nbd7 11. Nd3 c5 12. d5 exd5 13. exd5 Bd6 14. b3 Ne5 15. Bb2 Nxd3 16. Qxd3 Be5 17. Rfd1 Bd4 18. Qc4 Qd7 19. Rxd4 cxd4 20. Qxd4 Rfd8 21. Re1 Rac8 22. Re5 Re8 23. Ne4 Rxe5 24. Qxe5 Ne8 25. Nc3 f6 26. Qh5 Qf7 27. Qh4 Rxc3 28. Bxc3 Bxd5 29. Bf1 Nd6 30. Bd3 h6 31. Qf4 Qe6 32. Bb4 Ne8 33. Qb8 Qe5 34. Qxa7 Qh5 35. Qd7 Qd1+ 36. Bf1 Qf3 37. Qxd5+ Qxd5 38. Bc4 Qxc4 39. bxc4 Kf7 40. f4 f5 41. Kf2 Nf6 42. Kf3 Ke6 43. Bc3 Ne4 44. Bxg7 h5 45. Ke3 Kd6 46. Kd4 Nf2 47. Bf8+ Ke6 48. a4 Ng4 49. h4 Nf2 50. c5 bxc5+ 51. Kxc5 Kd7 52. Kb6 Kc8 53. Bd6 Ne4 54. Be5 Nd2 55. a5 Nc4+ 56. Kb5 1-0

[Event "World University-ch 13th"]
[Site "Katowice"]
[Date "2014.08.19"]
[Round "3"]
[White "Kobayashi, Atsuhiko"]
[Black "Piorun, Kacper"]
[Result "0-1"]
[WhiteElo "2089"]
[BlackElo "2560"]
[PlyCount "52"]
[EventDate "2014.08.18"]
[EventType "swiss"]
[EventRounds "9"]
[EventCountry "POL"]
[SourceTitle "CBM 161 Extra"]
[Source "ChessBase"]
[SourceDate "2014.08.29"]
[SourceVersion "1"]
[SourceVersionDate "2014.08.29"]
[SourceQuality "1"]

1. d4 g6 2. c4 Bg7 3. Nc3 c5 4. d5 Bxc3+ 5. bxc3 f5 6. h4 Nf6 7. h5 Rg8 8. hxg6 hxg6 9. f3 Qa5 10. Qd3 d6 11. Bg5 Nbd7 12. Nh3 Ne5 13. Qc2 Bd7 14. Nf4 0-0-0 15. e3 Rh8 16. Rxh8 Rxh8 17. Kf2 Kb8 18. Kg1 Qd8 19. Bxf6 exf6 20. Qf2 Qg8 21. Qg3 Qh7 22. Kf2 g5 23. Nd3 f4 24. exf4 Nxd3+ 25. Bxd3 Qxd3 26. fxg5 Qd2+ 0-1

[Event "World University-ch 13th"]
[Site "Katowice"]
[Date "2014.08.18"]
[Round "1"]
[White "Kobayashi, Atsuhiko"]
[Black "Krejci, Jan1"]
[Result "0-1"]
[WhiteElo "2089"]
[BlackElo "2531"]
[PlyCount "114"]
[EventDate "2014.08.18"]
[EventType "swiss"]
[EventRounds "9"]
[EventCountry "POL"]
[SourceTitle "CBM 161 Extra"]
[Source "ChessBase"]
[SourceDate "2014.08.29"]
[SourceVersion "1"]
[SourceVersionDate "2014.08.29"]
[SourceQuality "1"]

1. d4 Nf6 2. c4 e6 3. Nf3 c5 4. d5 b5 5. Bg5 b4 6. a3 h6 7. Bh4 Bb7 8. axb4 cxb4 9. Qd4 Na6 10. e4 Bc5 11. Qd3 Qb6 12. Be2 g5 13. Bg3 Nh5 14. 0-0 Nxg3 15. hxg3 g4 16. Nh4 h5 17. Nd2 Be7 18. Nb3 Nc5 19. Qd4 0-0-0 20. Na5 Ba8 21. e5 d6 22. Rfd1 dxe5 23. Qxe5 Nd7 24. Qf4 Bd6 25. Qd4 Qxd4 26. Rxd4 Be5 27. Rdd1 Bxb2 28. Ra2 Bc3 29. Nb3 Kb8 30. dxe6 fxe6 31. Ng6 Rhg8 32. Nf4 Nf6 33. Rxd8+ Rxd8 34. Nxe6 Re8 35. Nf4 Be4 36. Nc5 Bb1 37. Ra5 Bc2 38. Na6+ Kc8 39. Rb5 b3 40. c5 Nd7 41. Bd3 Re1+ 42. Kh2 Bd4 43. c6 Nb6 44. Rg5 Re8 45. Nb4 Bxd3 46. Nfxd3 b2 47. Nxb2 Bxb2 48. Rxh5 Rh8 49. Rxh8+ Bxh8 50. Na6 Nd5 51. f3 Ne7 52. fxg4 Nxc6 53. g5 Bd4 54. g6 Kb7 55. g7 Bxg7 56. Nc5+ Kb6 57. Nd3 a5 0-1

[Event "Cappelle op 30th"]
[Site "Cappelle la Grande"]
[Date "2014.03.06"]
[Round "7"]
[White "Kobayashi, Atsuhiko"]
[Black "Rambaldi, Francesco"]
[Result "0-1"]
[WhiteElo "2033"]
[BlackElo "2388"]
[PlyCount "66"]
[EventDate "2014.03.01"]
[EventType "swiss"]
[EventRounds "9"]
[EventCountry "FRA"]
[SourceTitle "CBM 159 Extra"]
[Source "ChessBase"]
[SourceDate "2014.04.24"]
[SourceVersion "1"]
[SourceVersionDate "2014.04.24"]
[SourceQuality "1"]

1. d4 Nf6 2. c4 g6 3. Nc3 d5 4. cxd5 Nxd5 5. Bd2 Bg7 6. e4 Nb6 7. Be3 0-0 8. h3 e5 9. Nf3 exd4 10. Bxd4 Nc6 11. Bxg7 Kxg7 12. Bb5 Bd7 13. 0-0 a6 14. Bxc6 Bxc6 15. Ne5 Bb5 16. Nxb5 axb5 17. Qb3 c6 18. Rad1 Qe7 19. Ng4 h5 20. Qc3+ f6 21. Nh2 Rxa2 22. Nf3 Ra4 23. e5 Nd5 24. exf6+ Qxf6 25. Qc5 Re4 26. Rfe1 Rfe8 27. Rxe4 Rxe4 28. b3 Re7 29. Nd4 Nf4 30. Nf3 Nd5 31. Nd4 b4 32. Nc2 Re2 33. Re1 b6 0-1

[Event "Cappelle op 30th"]
[Site "Cappelle la Grande"]
[Date "2014.03.02"]
[Round "2"]
[White "Kobayashi, Atsuhiko"]
[Black "Decoster, Frederic"]
[Result "0-1"]
[WhiteElo "2033"]
[BlackElo "2300"]
[PlyCount "174"]
[EventDate "2014.03.01"]
[EventType "swiss"]
[EventRounds "9"]
[EventCountry "FRA"]
[SourceTitle "CBM 159 Extra"]
[Source "ChessBase"]
[SourceDate "2014.04.24"]
[SourceVersion "1"]
[SourceVersionDate "2014.04.24"]
[SourceQuality "1"]

1. d4 d5 2. c4 e6 3. Nc3 c5 4. cxd5 exd5 5. Nf3 Nc6 6. g3 Nf6 7. Bg2 Be7 8. 0-0 0-0 9. Bg5 c4 10. Ne5 Be6 11. b3 Qa5 12. Qd2 Rad8 13. bxc4 Nxd4 14. Qxd4 dxc4 15. Qe3 Bc5 16. Qf4 Bd4 17. Nd5 Rxd5 18. Nxc4 Qc5 19. Bxf6 Bxf6 20. Bxd5 Qxd5 21. Ne3 Qd2 22. Rab1 b6 23. a4 Qxe2 24. a5 Bd8 25. Rfd1 h6 26. Qe4 Qa6 27. axb6 Bxb6 28. Nd5 Bc5 29. Rdc1 Bxf2+ 30. Kxf2 Qa2+ 31. Qe2 Qxd5 32. Rd1 Qg5 33. Qe3 Qh5 34. Kg1 a5 35. Ra1 a4 36. Qb6 Qf3 37. Qf2 Qc6 38. Rdc1 Qb5 39. Qc5 Qa6 40. Qb4 Ra8 41. Rc3 Qa7+ 42. Qc5 Qxc5+ 43. Rxc5 a3 44. Rc3 a2 45. Rc2 Ra3 46. Kf2 Kh7 47. Rd2 g5 48. Rb2 Kg6 49. Rd2 Kf5 50. Kg2 h5 51. Rf1+ Kg6 52. Ra1 h4 53. Kf2 Kf5 54. Kg2 Kg6 55. Kf2 f5 56. Rb2 f4 57. gxf4 g4 58. Kg1 Kf6 59. Rd2 g3 60. hxg3 hxg3 61. Rb2 Kf5 62. Rb5+ Kg4 63. f5 Bxf5 64. Rb2 Be6 65. Re2 Bg8 66. Rd2 Kh3 67. Rd6 Bc4 68. Rh6+ Kg4 69. Rg6+ Kf4 70. Rc6 Bd3 71. Rb6 Be4 72. Rb2 Bd5 73. Rb6 Ra8 74. Rf6+ Kg5 75. Rd6 Be4 76. Rd4 Kf4 77. Rb4 Kf5 78. Rf1+ Ke5 79. Ra1 Bd5 80. Rh4 Kd6 81. Rh3 Rb8 82. Rh6+ Kc5 83. Rc1+ Kd4 84. Rh4+ Ke3 85. Ra4 Rb1 86. Rf1 g2 87. Ra3+ Kd4 0-1

[Event "JPN-ch 46th"]
[Site "Tokyo"]
[Date "2013.05.03"]
[Round "6"]
[White "Kojima, Shinya"]
[Black "Kobayashi, Atsuhiko"]
[Result "1-0"]
[WhiteElo "2384"]
[BlackElo "2011"]
[PlyCount "87"]
[EventDate "2013.05.01"]
[EventType "swiss"]
[EventRounds "11"]
[EventCountry "JPN"]
[SourceTitle "CBM 154 Extra"]
[Source "ChessBase"]
[SourceDate "2013.06.25"]
[SourceVersion "2"]
[SourceVersionDate "2013.06.25"]
[SourceQuality "1"]

1. Nf3 g6 2. e4 c5 3. d4 cxd4 4. Nxd4 Nc6 5. c4 Bg7 6. Nc2 Qa5+ 7. Bd2 Qb6 8. Nc3 Nf6 9. Be2 0-0 10. 0-0 d6 11. Rb1 Nd4 12. Nxd4 Qxd4 13. Qc2 Qb6 14. b4 Qc6 15. Rfc1 Be6 16. b5 Qd7 17. f3 Rfc8 18. Na4 Qd8 19. Be3 Nd7 20. Qd2 Nb6 21. Nxb6 axb6 22. Rc2 Ra3 23. Bf1 d5 24. Rd1 d4 25. Bxd4 Ra4 26. Be3 Qxd2 27. Rcxd2 Bc3 28. Rd3 Bf6 29. f4 Raa8 30. e5 Bg7 31. Bxb6 Bxc4 32. Rd8+ Rxd8 33. Rxd8+ Rxd8 34. Bxd8 Bxa2 35. Bxe7 Bf8 36. Bxf8 Kxf8 37. b6 Ke7 38. g4 Ke6 39. Bg2 Bd5 40. Kf2 g5 41. Bxd5+ Kxd5 42. Ke3 h6 43. h3 Kc5 44. f5 1-0